The passions and the interests : (Record no. 516541)

000 -LEADER
fixed length control field 00324nam a22000977a 4500
082 ## - DEWEY DECIMAL CLASSIFICATION NUMBER
Classification number TNC T111 H617/7
100 ## - MAIN ENTRY--PERSONAL NAME
Personal name Hirschman, Albert O.
9 (RLIN) 23062
245 ## - TITLE STATEMENT
Title The passions and the interests :
Remainder of title Political arguments for capitalism before its Triumph
Statement of responsibility, etc by Albert O. Hirschman
260 ## - PUBLICATION, DISTRIBUTION, ETC. (IMPRINT)
Place of publication, distribution, etc New Jersey
Name of publisher, distributor, etc P.U.P.
Date of publication, distribution, etc 1977
300 ## - PHYSICAL DESCRIPTION
Extent 153p.
Holdings
Withdrawn status Lost status Source of classification or shelving scheme Damaged status Koha normalized classification for sorting Not for loan Permanent location Current location Date acquired Full call number Barcode Date last seen Price effective from Koha item type
        TNC_T111_H617_7_000000000000000   Indian Institute of Public Administration Indian Institute of Public Administration 2021-02-26 TNC T111 H617/7 GR23177 2021-02-26 2021-02-26 GR

Powered by Koha